| 000 | 00554nam a2200181Ia 4500 | ||
|---|---|---|---|
| 008 | 220216s9999 xx 000 0 und d | ||
| 100 | _aSharma G | ||
| 245 | 0 | _aTransformation of traditional agriculture to commercial agriculture: A case study of natural rubber in Tripura | |
| 260 |
_bRubber Science _c2017 |
||
| 300 | _a140-147 | ||
| 650 | _aEconomically and socially marginalized groups (ESMG) | ||
| 650 | _aJhum | ||
| 650 | _aLand use pattern | ||
| 650 | _aLivelihood security | ||
| 650 | _aNatural rubber | ||
| 700 | _aDey S K | ||
| 942 | _cBS | ||
| 999 |
_c49729 _d49729 |
||